000 00367nam a2200145 a 4500
001 409
003 CDMR
005 20130116135154.0
008 130130s2005||||||||||||||||||||||||||||d
040 _aCDMR
_bcat
_cCDMR
100 1 _aPérez Molinos, Josep Maria
_9286
245 1 0 _aCatalunya en guerra i en postguerra
260 _aBarcelona
_c2005
_bViena Edicions
942 _cMON
999 _c409
_d409